000 00538nam a2200193Ia 4500
005 20250326142854.0
008 250326s9999 xx 000 0 und d
020 _a0-534-92681-9
037 _aTextbook
040 _aFMSL
_beng
_cFMSL
041 _aeng
_2eng
084 _aX:8 N2
_qFMSL
100 _aStahl M J
_9744329
245 0 _aStrategic management for decision making
_cStahl M J; Grigsby D W
260 _aBoston
_bBoston, P W S-kent
_c1992
300 _a1014p
942 _cTB
_hX:8 N2
999 _c1297043
_d1297043